Loading...
| Current Events | 1 | 20.00 | 100% | 100% | 0% |
| Fine Arts - Classical Music | 7 | 21.43 | 100% | 71% | 43% |
| Fine Arts - Other | 7 | 18.57 | 100% | 71% | 14% |
| Fine Arts - Painting and Sculpture | 4 | 15.00 | 100% | 50% | 0% |
| Geography | 1 | 30.00 | 100% | 100% | 100% |
| History - American | 4 | 12.50 | 100% | 25% | 0% |
| History - European | 4 | 20.00 | 100% | 100% | 0% |
| History - Other | 6 | 10.00 | 83% | 17% | 0% |
| History - World | 7 | 10.00 | 100% | 0% | 0% |
| Literature - American | 7 | 12.86 | 86% | 29% | 14% |
| Literature - British | 3 | 16.67 | 100% | 33% | 33% |
| Literature - European | 3 | 16.67 | 67% | 67% | 33% |
| Literature - World | 6 | 15.00 | 83% | 67% | 0% |
| Mythology | 5 | 14.00 | 80% | 40% | 20% |
| Philosophy | 4 | 17.50 | 100% | 50% | 25% |
| Pop Culture | 2 | 10.00 | 50% | 50% | 0% |
| Religion | 6 | 21.67 | 100% | 67% | 50% |
| Science - Biology | 7 | 11.43 | 86% | 29% | 0% |
| Science - Chemistry | 3 | 6.67 | 67% | 0% | 0% |
| Science - Other | 4 | 15.00 | 100% | 0% | 50% |
| Science - Physics | 5 | 14.00 | 100% | 20% | 20% |
| Social Science | 6 | 13.33 | 100% | 33% | 0% |